Reflections on Nigerian politics
Saved in:
| 主要作者: | |
|---|---|
| 格式: | 圖書 |
| 語言: | 英语 |
| 出版: |
J. J. Professional Publishers
2017
|
| 標簽: |
添加標簽
沒有標簽, 成為第一個標記此記錄!
|
MARC
| LEADER | 00000nam a22000007a 4500 | ||
|---|---|---|---|
| 008 | 201215b ||||| |||| 00| 0 eng d | ||
| 020 | |a 978-978-958-535-9 | ||
| 100 | |a MUTIULLAH, A. O. | ||
| 245 | |a Reflections on Nigerian politics |c A. O. Mutiullah. |g xviii, 309p. | ||
| 250 | |b 2nd | ||
| 260 | |b J. J. Professional Publishers |c 2017 |h Abuja |i 691235 |i 691236 |l JQ3096 .M98 |m Public opinion – Nigeria |m Political participation – Nigeria |m Nigeria – Politics and government | ||
| 500 | |a “Includes references'' | ||
| 942 | |a lcc |c BK |e O.A.JOHNSON |f 15/12/20 | ||
| 952 | |0 0 |1 0 |2 lcc |4 0 |6 JQ3096 M98 |7 0 |9 565 |a HOL |b SSL |c GJ |d 2020-12-15 |l 0 |o JQ3096 .M98 |p 2020-2287 |r 2020-12-15 00:00:00 |w 2020-12-15 |y BK | ||
| 952 | |0 0 |1 0 |2 lcc |4 0 |6 JQ3096 M98 |7 0 |9 566 |a HOL |b HOL |c GJ |d 2020-12-15 |l 0 |o JQ3096 .M98 |p 2020-2288 |r 2020-12-15 00:00:00 |w 2020-12-15 |y BK | ||
| 999 | |c 310 |d 310 | ||